000 00713nam a22002177a 4500
999 _c1373
_d1373
001 1373
003 BD-JhCC
005 20171022134144.0
008 171018b xxu||||| |||| 00| 0 eng d
035 _a(BD-JhCC)1373
040 _aBD-JhCC
_dBD-JhCC
041 _aben
082 _a891.4435
_bDEB 1398
100 _aদেবী, আশাপূর্ণা
245 _aগল্প সমগ্র /
_cআশাপূর্ণা দেবী
260 _aকলকাতা:
_bমিত্র ও ঘোষ পাবলিশার্স,
_c১৩৯৮.
300 _a৩৯১ পৃ, :
_c২২ সেমি.
650 _aShort Stories, Bengali
942 _2ddc
_cBK